000 00859cam a22002413a 4500
001 5712
003 PGUSA
005 20140828083123.0
008 040501s2004||||xxu|||||s|||||000 | eng d
040 _aPGUSA
_beng
042 _adc
050 4 _aNB
100 1 _aJames, Juliet Helena Lumbard,
_d1864-
245 1 0 _aSculpture of the Exposition Palaces and Courts :
_bDescriptive Notes on the Art of the Statuary at the Panama-Pacific International Exposition, San Francisco
_h[electronic resource] /
_cJuliet Helena Lumbard James
260 _bProject Gutenberg,
_c2004
506 _aPublic domain in the USA.
516 _aElectronic text
653 _aSculpture
653 _aPanama-Pacific International Exposition (1915 : San Francisco, Calif.)
830 0 _aProject Gutenberg
_v5712
856 4 0 _uhttp://www.gutenberg.org/ebooks/5712
942 _cEB
999 _c235040
_d235040